| Tag |
First Indicator |
Second Indicator |
Subfields |
| LEADER |
00000cam a2200000Ki 4500 |
| 001 |
in00003555331 |
| 006 |
m o d |
| 007 |
cr cnu---unuuu |
| 008 |
140711s2004 nyua ob 001 0 eng d |
| 005 |
20260422205552.4 |
| 020 |
|
|
|a 9781441989574 (electronic bk.)
|
| 020 |
|
|
|a 1441989579 (electronic bk.)
|
| 020 |
|
|
|z 9780387210896
|
| 020 |
|
|
|z 038721089X
|
| 020 |
|
|
|z 0387210938
|
| 020 |
|
|
|z 9780387210933
|
| 024 |
7 |
|
|a 10.1007/978-1-4419-8957-4
|2 doi
|
| 035 |
|
|
|a (OCoLC)883392449
|
| 040 |
|
|
|a GW5XE
|b eng
|e rda
|e pn
|c GW5XE
|d UtOrBLW
|
| 049 |
|
|
|a TXAM
|
| 050 |
|
4 |
|a QL948
|b .E96 2004eb
|
| 060 |
1 |
4 |
|a W1
|b SP685F v.22 2004
|
| 060 |
1 |
4 |
|a WV 200
|b E93 2004
|
| 072 |
|
7 |
|a QH
|2 lcco
|
| 082 |
0 |
4 |
|a 573.8/9
|2 22
|
| 084 |
|
|
|a 33.93
|2 bcl
|
| 084 |
|
|
|a 590
|2 sdnb
|
| 084 |
|
|
|a BIO 745f
|2 stub
|
| 084 |
|
|
|a BIO 782f
|2 stub
|
| 084 |
|
|
|a BIO 875f
|2 stub
|
| 084 |
|
|
|a WW 1660
|2 rvk
|
| 245 |
0 |
0 |
|a Evolution of the vertebrate auditory system /
|c Geoffrey A. Manley, Arthur N. Popper, Richard R. Fay, editors.
|
| 264 |
|
1 |
|a New York :
|b Springer,
|c [2004]
|
| 264 |
|
4 |
|c ©2004
|
| 300 |
|
|
|a 1 online resource (xviii, 415 pages) :
|b illustrations.
|
| 336 |
|
|
|a text
|b txt
|2 rdacontent
|
| 337 |
|
|
|a computer
|b c
|2 rdamedia
|
| 338 |
|
|
|a online resource
|b cr
|2 rdacarrier
|
| 490 |
1 |
|
|a Springer handbook of auditory research ;
|v volume 22
|
| 504 |
|
|
|a Includes bibliographical references and index.
|
| 505 |
0 |
|
|a An outline of the evolution of vertebrate hearing organs / Geoffrey A. Manley and Jennifer A. Clack -- Environmental variables and the fundamental nature of hearing / Edwin R. Lewis and Richard R. Fay -- Evolution of sensory hair cells / Allison Coffin ... [et al.] -- Parallel evolution in fish hearing organs / Friedrich Ladich and Arthur N. Popper -- The evolution of single- and multiple-ossicle ears in fishes and tetrapods / Jennifer A. Clack and Edgar Allin -- Evolution of the amphibian ear / Michael Smotherman and Peter Narins -- The lizard basilar papilla and its evolution / Geoffrey A. Manley -- Hearing organ evolution and specialization : archosaurs / Otto Gleich ... [et al.] -- Hearing organ evolution and specialization : early and later mammals / Marianne Vater, Jin Meng and Richard C. Fox -- The evolution of central pathways and their neural processing patterns / Benedikt Grothe ... [et al.] -- Advances and perspectives in the study of the evolution of the vertebrate auditory system / Geoffrey A. Manley -- Appendix. Useful concepts from circuit theory / Edwin R. Lewis.
|
| 520 |
|
|
|a The function of vertebrate hearing is served by a surprising variety of sensory structures in the different groups of fish, amphibians, reptiles, birds, and mammals. This book discusses the origin, specialization, and functional properties of sensory hair cells, beginning with environmental constraints on acoustic systems and addressing in detail the evolutionary history behind modern structure and function in the vertebrate ear. Taking a comparative approach, chapters are devoted to each of the vertebrate groups, outlining the transition to land existence and the further parallel and independent adaptations of amniotic groups living in air. The volume explores in depth the specific properties of hair cells that allowed them to become sensitive to sound and capable of analyzing sounds into their respective frequency components. Evolution of the Vertebrate Auditory System is directed to a broad audience of biologists and clinicians, from the level of advanced undergraduate students to professionals interested in learning more about the evolution, structure, and function of the ear.
|
| 588 |
|
|
|a Description based on print version record.
|
| 650 |
1 |
2 |
|a Biological Evolution.
|
| 650 |
1 |
2 |
|a Ear.
|
| 650 |
2 |
2 |
|a Vertebrates.
|
| 650 |
1 |
7 |
|a Gehoororgaan.
|2 gtt
|
| 650 |
1 |
7 |
|a Evolutionaire biologie.
|2 gtt
|
| 650 |
1 |
7 |
|a Gewervelde dieren.
|2 gtt
|
| 650 |
|
6 |
|a Oreille
|x Évolution.
|
| 650 |
|
6 |
|a Oreille
|x Anatomie.
|
| 650 |
|
6 |
|a Vertébrés
|x Évolution.
|
| 650 |
|
0 |
|a Ear
|x Evolution.
|
| 650 |
|
0 |
|a Ear
|x Anatomy.
|
| 650 |
|
0 |
|a Vertebrates
|x Evolution.
|
| 650 |
0 |
7 |
|a Entwicklungsbiologie.
|2 swd
|
| 650 |
0 |
7 |
|a Gehörorgan.
|2 swd
|
| 650 |
0 |
7 |
|a Wirbeltiere.
|2 swd
|
| 650 |
0 |
4 |
|a Evolutionaire biologie.
|
| 650 |
0 |
4 |
|a Gehoororgaan.
|
| 650 |
0 |
4 |
|a Gewervelde dieren.
|
| 650 |
0 |
7 |
|a Entwicklungsbiologie.
|0 (DE-588)4152440-8
|2 gnd
|
| 650 |
0 |
7 |
|a Gehörorgan.
|0 (DE-588)4137367-4
|2 gnd
|
| 650 |
0 |
7 |
|a Wirbeltiere.
|0 (DE-588)4066376-0
|2 gnd
|
| 650 |
|
7 |
|a Ear
|x Anatomy.
|2 fast
|0 (OCoLC)fst00900546
|
| 650 |
|
7 |
|a Ear
|x Evolution.
|2 fast
|0 (OCoLC)fst00900555
|
| 650 |
|
7 |
|a Vertebrates
|x Evolution.
|2 fast
|0 (OCoLC)fst01165564
|
| 655 |
|
7 |
|a Electronic books.
|2 local
|
| 655 |
|
7 |
|a Aufsatzsammlung.
|2 swd
|
| 655 |
|
4 |
|a Aufsatzsammlung.
|
| 700 |
1 |
|
|a Manley, Geoffrey A.,
|d 1945-
|
| 700 |
1 |
|
|a Popper, Arthur N.
|
| 700 |
1 |
|
|a Fay, Richard R.
|
| 710 |
2 |
|
|a SpringerLink (Online service)
|
| 776 |
1 |
8 |
|i Print version:
|t Evolution of the vertebrate auditory system
|z 9780387210896
|w (DLC) 2004304757
|w (OCoLC)56724947
|
| 830 |
|
0 |
|a Springer handbook of auditory research ;
|v v. 22.
|
| 856 |
4 |
0 |
|u http://proxy.library.tamu.edu/login?url=https://link.springer.com/10.1007/978-1-4419-8957-4
|z Connect to the full text of this electronic book
|t 0
|
| 994 |
|
|
|a 92
|b TXA
|
| 999 |
|
|
|a MARS
|
| 999 |
f |
f |
|s 74606669-04fb-329e-b8eb-7837d8c5ca32
|i a3a73f70-131b-35fc-8d3b-186b372a2f2e
|t 0
|
| 952 |
f |
f |
|a Texas A&M University
|b College Station
|c Electronic Resources
|s www_evans
|d Available Online
|t 0
|e QL948 .E96 2004eb
|h Library of Congress classification
|
| 998 |
f |
f |
|a QL948 .E96 2004eb
|t 0
|l Available Online
|